000 00777nam a22001937a 4500
999 _c10782
_d10782
003 AR-CdUCM
008 190402b ||||| |||| 00| 0 spa d
040 _aMUNICIPALIDAD PROVINCIAL DEL CUSCO
_cBIBLIOTECA MUNICIPAL DEL CUSCO
082 _a348.683 /
_bC67 / 1933
245 _aCódigo del trabajo :
_btexto definitivo /
260 _aSantiago de Chile :
_bNascimento,
_c1933.
300 _a133 páginas ;
_c18 cm.
505 _aContenido: Textos de las leyes del trabajo -- De la protección de los obreros y empleados en el trabajo -- De las organizaciones sociales -- De los tribunales y de la inspección general del trabajo.
650 _aDerecho laboral
_95297
650 _aley
_97887
650 _aEmpresas industriales
_927801
942 _2ddc
_cLIBROS
945 _aacv